La fuerza de las ideas
Salvato in:
| Autore principale: | |
|---|---|
| Altri autori: | |
| Natura: | Libro |
| Lingua: | spagnolo |
| Pubblicazione: |
Barcelona
Hispano-Europea
1956
|
| Serie: | Colección Galileo, Serie A: Temas y problemas político-sociales
|
| Soggetti: | |
| Tags: |
Aggiungi Tag
Nessun Tag, puoi essere il primo ad aggiungerne!!
|
MARC
| LEADER | 00000cam a2200000 a 4500 | ||
|---|---|---|---|
| 001 | UCH5335 | ||
| 003 | CL-VaPUC | ||
| 005 | 20220319074521.0 | ||
| 008 | 091014e19560000SP |||||||||||||||||spa|d | ||
| 999 | |c 336498 |d 336496 | ||
| 040 | |c Pontificia Universidad Católica de Valparaíso | ||
| 082 | 0 | 4 | |a 109 |b HIG |2 21 |
| 100 | |a Highet, Gilbert |e author |9 541623 | ||
| 245 | 1 | 3 | |a La fuerza de las ideas |
| 260 | |a Barcelona |b Hispano-Europea |c 1956 | ||
| 300 | |a 84 p | ||
| 490 | 0 | |a Colección Galileo, Serie A: Temas y problemas político-sociales | |
| 583 | |a last modification |c 20160505 01:39:46 |k Rodrigo Vera | ||
| 650 | 0 | |a Filosofía |9 223554 | |
| 650 | 0 | |a Historia de la filosofía |9 256920 | |
| 650 | 0 | |a Política |9 255312 | |
| 650 | 0 | |a Sociedad |9 307903 | |
| 650 | 0 | |a Arte |9 265238 | |
| 650 | 0 | |a Religión |9 255164 | |
| 650 | 0 | |a Ética |9 255099 | |
| 650 | 0 | |a Moral |9 265913 | |
| 700 | 1 | |a Yáñez, J. F. |e traductor |9 864921 | |
| 942 | |c BK |2 ddc | ||
| 945 | |d 20091014 00:00:00 |a ccalabra | ||
| 952 | |0 0 |1 0 |3 erd |4 0 |6 109_000000000000000_HIG_1956 |7 0 |8 A |9 427889 |a BIBEDU |b BIBEDU |e Villagrán Garnham, Jorge |i 5300355 |o 109 HIG 1956 |p 5300355 |r 2019-11-22 |w 2019-11-22 |y BK |z Catalogado en:20160505 |k PSI | ||